Crises in the Oil Patch (Record no. 3530)

MARC details
000 -LEADER
fixed length control field 00332nam a22001337a 4500
008 - FIXED-LENGTH DATA ELEMENTS--GENERAL INFORMATION
fixed length control field 250516b |||||||| |||| 00| 0 eng d
020 ## - INTERNATIONAL STANDARD BOOK NUMBER
ISBN 0895265028
100 ## - MAIN ENTRY--AUTHOR
Author HODEL, Donald P.
245 ## - TITLE STATEMENT
Title Crises in the Oil Patch
260 ## - PUBLICATION, DISTRIBUTION, ETC. (IMPRINT)
Place of publication U.S.A
Name of publisher National Book Network
Date of publication 1993
300 ## - COLLATION
Pagination xvi, 185p.
942 ## - ADDED ENTRY ELEMENTS (KOHA)
Item type Books
050 ## - LIBRARY OF CONGRESS CALL NUMBER
Classification number HD9565
Item number .H63
Holdings
Source of classification or shelving scheme Not for loan Permanent location Current location Date acquired Accession No. Full call number Barcode. Koha item type
Library of Congress Classification   Samuel Ogbemudia Main Library, University of Abuja Samuel Ogbemudia Main Library, University of Abuja 05/16/2025 2006-31932 HD9565.H63 2025-2004 Books